000 02323nam2a2200325 4500
001 RU\NLR\BIBL_A\011596528
005 20260405223908.0
021 _aRU
_b2017-96519
_96941
035 _a(RuMoRGB)009488628
035 _a(NLR Aleph) 011596528
090 _a10864528
_c10864528
100 _a20180117d2017 |||y0rusy50 ca
101 0 _arus
_deng
102 _aRU
105 _aab z 000zy
200 1 _aДвадцать третий ежегодный демографический доклад
_f[канд. экон. наук Е.М. Щербакова, канд. экон. наук В.А. Козлов, С.А. Васин и др.]
_gответственный редактор: С.В. Захаров
_gВысшая школа экономики Национальный исследовательский университет, Институт демографии,
210 _d2017
_aБ. м.
215 _a359, [1] с.
_cил., карт., табл.
300 _aАвт. указаны на 8-й с.
300 _aРез. англ.
461 0 _1001RU\NLR\bibl\952961
_12001#$aНаселение России$fИн-т народнохоз. прогнозирования РАН, Центр демографии и экологии человека$gОтв. ред. А.Г. Вишневский$v2015
_9220070
_cМосква
_d2000
_fИн-т народнохоз. прогнозирования РАН, Центр демографии и экологии человека
_nУниверситет
_tНаселение России
_v2015
701 1 _7ca
_8rus
_aЩербакова
_bЕ. М.
_cканд. экон. наук
_gЕкатерина Михайловна
_9183752
_3RU\NLR\AUTH\770183803
701 1 _8rus
_7ca
_aКозлов
_bВ. А.
_cканд. экон. наук, демография
_f1986-
_gВладимир Александрович
_3RU\NLR\AUTH\77102035
_984961
701 1 _7ca
_8rus
_aВасин
_bС. А.
_cдемограф
_gСергей Алексеевич
_9169256
_3RU\NLR\AUTH\770169306
702 1 _4340
_aЗахаров
_bС. В.
_cканд. экон. наук, демография
_f1959-
_gСергей Владимирович
_9157715
_3RU\NLR\AUTH\770157755
852 _aNLR
_j2002-3/11576
942 _cBOOK
980 _aNB